Quantum Gravity /

Contenido: 1. Fundamentos relativistas: Ideas generales y pintura heurística; Relatividad general; Mecánica: mecánica relativista, teoría del campo; Relatividad general hamiltoniana; Mecánica cuántica. 2. Gravedad cuántica del circuito: Espacio cuántico; Dinámica y materia; Aplicaciones; Espacio y t...

Descripció completa

Guardat en:
Dades bibliogràfiques
Autor principal: Rovelli, Carlo (autor)
Format: Llibre
Idioma:anglès
Publicat: Cambridge, Inglaterra : Cambridge University, 2004, c2004
Col·lecció:(Cambridge Monographs on Mathematical Physics)
Matèries:
Etiquetes: Afegir etiqueta
Sense etiquetes, Sigues el primer a etiquetar aquest registre!

MARC

LEADER 00000nam^a2200000^a^4500
001 000174863
005 20250521000000.0
009 20260310101543.633
020 |a 0-521-83733-2 
037 |a Acervo ITESO - Biblioteca 
041 |a ING 
082 |a 530. 143  |b ROV 
100 |a Rovelli, Carlo  |e (autor) 
245 1 0 |a Quantum Gravity /  |c C. Rovelli ; pref. James Bjorken. 
264 4 |a Cambridge, Inglaterra :  |b Cambridge University,  |c 2004, c2004 
300 |a XXIII, 455 p. 
336 |a texto  |b txt  |2 rdacontenido 
337 |a sin mediación  |b n  |2 rdamedio 
338 |a volumen  |b nc  |2 rdasoporte 
440 1 |a (Cambridge Monographs on Mathematical Physics) 
520 |a Contenido: 1. Fundamentos relativistas: Ideas generales y pintura heurística; Relatividad general; Mecánica: mecánica relativista, teoría del campo; Relatividad general hamiltoniana; Mecánica cuántica. 2. Gravedad cuántica del circuito: Espacio cuántico; Dinámica y materia; Aplicaciones; Espacio y tiempo cuántico: spinofoams; Conclusiones. 3. Apéndices. 
649 |a XX 
650 |a Gravitación Cuántica 
650 |a Teoría Cuántica de los Campos 
650 |a Relatividad (Física) 
650 |a Física -  |x Teoría 
910 |a Fondo General 
920 |a Impresos - Libros 
930 |a Colección General 
905 |a 101 
901 |a 0500112980  |b IT1  |c ACC  |u 20250521 
902 |a https://opac.biblio.iteso.mx/vufind/Record/000174863